<?xml version="1.0" encoding="UTF-8"?>
<record
    xmlns:xsi="http://www.w3.org/2001/XMLSchema-instance"
    xsi:schemaLocation="http://www.loc.gov/MARC21/slim http://www.loc.gov/standards/marcxml/schema/MARC21slim.xsd"
    xmlns="http://www.loc.gov/MARC21/slim">

  <leader>03277    a2200193   4500</leader>
  <controlfield tag="001">30602</controlfield>
  <controlfield tag="005">20260407155615.0</controlfield>
  <controlfield tag="008">260407a1949    arg                 spa d</controlfield>
  <controlfield tag="003">AR-UNSa-BCEJYS</controlfield>
  <datafield tag="040" ind1=" " ind2=" ">
    <subfield code="a">AR-UNSa-BCEJYS</subfield>
    <subfield code="b">spa</subfield>
    <subfield code="c">AR-UNSa-BCEJYS</subfield>
  </datafield>
  <datafield tag="080" ind1=" " ind2=" ">
    <subfield code="a">657.3</subfield>
    <subfield code="x">Presupuestos. Cierre de Cuentas. Balances (Estados Contables)</subfield>
  </datafield>
  <datafield tag="245" ind1="1" ind2="0">
    <subfield code="a">An&#xE1;lisis de estados econ&#xF3;micos y financieros</subfield>
  </datafield>
  <datafield tag="264" ind1=" " ind2="1">
    <subfield code="a">Buenos Aires :</subfield>
    <subfield code="b">El Ateneo</subfield>
    <subfield code="c">1949</subfield>
  </datafield>
  <datafield tag="300" ind1=" " ind2=" ">
    <subfield code="a">2v.(372; 373p.)</subfield>
    <subfield code="c">23 cm.</subfield>
  </datafield>
  <datafield tag="505" ind1=" " ind2=" ">
    <subfield code="a">Tomo I: Primera parte: Las investigaciones econ&#xF3;mico-financieras: 1. Principios fundamentales - 2. Diversos casos de investigaciones econ&#xF3;mico-financieras -- Segunda parte: Metodolog&#xED;a de la investigaci&#xF3;n : 3. Principios metodol&#xF3;gicos - 4. Planes de investigaci&#xF3;n - 5. Informaci&#xF3;n contable y estad&#xED;stica - 6. M&#xE9;todos de an&#xE1;lisis - 7. Relaciones e &#xED;ndices --Tercera parte: Capital,Reservas y Pasivo: 8. La cuenta capital - 9. Reservas - 10. Responsabilidad neta - 11. Endeudamiento - 12. La inversi&#xF3;n de los capitales propios y ajenos --Cuarta parte: El capital fijo: 13. El capital fijo - 14. Bases fundamentales para el estudio de la organizaci&#xF3;n industrial - 15. An&#xE1;lsis de la producci&#xF3;n - 16. Valuaci&#xF3;n de la planta y equipo - 17. An&#xE1;lisis de las inmovilizaciones - 18. Rendimiento de la plantay equipo - 19. Titulos de renta y otras inversiones financieras --Quinta parte: El capital circulante: 20. El capital circulante - 21. An&#xE1;lisis de las compras y existencias - 22. An&#xE1;lisis de los cr&#xE9;ditos a cobrar - 23. An&#xE1;lisis de la clientela - 24. Relaci&#xF3;n financiera entre las compras y las ventas - 25. El estado de solvencia - 26. Volumen normal del capital circulante - 27. El proceso econ&#xF3;mico y financiero de la empresa - 28. Relaci&#xF3;n entre el estado econ&#xF3;mico y el estado  financiero - 29. El estado de origen y aplicaci&#xF3;n de fondos --Sexta parte: El capital intangible: 30. Composici&#xF3;n y volumen del capital intangible - 31. El cr&#xE9;dito mercantil - 32. Valuaci&#xF3;n del cr&#xE9;dito mercantil.  33. Determinaci&#xF3;n de los resultados - 34. Pol&#xED;tica de ventas - 35. Pol&#xED;tica de precios - 36. An&#xE1;lisis del volumen de ventas - 37. An&#xE1;lisis de los costos de producci&#xF3;n - 38. El costo material de ventas - 39. Costos de distribuci&#xF3;n, promoci&#xF3;n de ventas, financiaci&#xF3;n y administraci&#xF3;n - 40. El rendimiento de las ventas - 41. Otras cuentas de resultados - 42. Rendimiento patrimonial - 43. Pol&#xED;tica de distribuci&#xF3;n y reinversi&#xF3;n de beneficios - 44. Los ciclos econ&#xF3;micos - 45. Fases de los ciclos econ&#xF3;micos - 46. La previsi&#xF3;n de las perturbaciones econ&#xF3;micas - 47. La depreciaci&#xF3;n de la moneda - 48. Correcci&#xF3;n de los balances y estados demostrativos de p&#xE9;rdidas y ganancias - 49. La promoci&#xF3;n de empresas - 50. Fracasos comerciales, reorganizaciones - 51. Control presupuestario - 52. Coaliciones de empresas - 53. Represion de monopolios y trusts - 54. Balances consolidados - 55. Estados de p&#xE9;rdidas y ganancias consolidados - 56. La conseci&#xF3;n de cr&#xE9;ditos - 57. El estado de cesaci&#xF3;n de pagos - 58. La culpa y el fraude del deudor en la ley 11719 - 59. Funci&#xF3;n del s&#xED;ndico en las sociedades an&#xF3;nimas - 60. Funcion del fideicomisario -  
</subfield>
  </datafield>
  <datafield tag="942" ind1=" " ind2=" ">
    <subfield code="c">BK</subfield>
  </datafield>
  <datafield tag="590" ind1=" " ind2=" ">
    <subfield code="a">niveau_biblio:m niveau_hierar:0</subfield>
  </datafield>
  <datafield tag="100" ind1="1" ind2=" ">
    <subfield code="a">Cholvis, Francisco</subfield>
  </datafield>
  <datafield tag="999" ind1=" " ind2=" ">
    <subfield code="c">2098</subfield>
    <subfield code="d">2098</subfield>
  </datafield>
  <datafield tag="952" ind1=" " ind2=" ">
    <subfield code="0">0</subfield>
    <subfield code="1">0</subfield>
    <subfield code="4">0</subfield>
    <subfield code="7">0</subfield>
    <subfield code="a">BCEJYS</subfield>
    <subfield code="b">BCEJYS</subfield>
    <subfield code="c">16</subfield>
    <subfield code="d">2026-04-07</subfield>
    <subfield code="l">0</subfield>
    <subfield code="o">657.3 C547 v.1</subfield>
    <subfield code="p">L20030</subfield>
    <subfield code="r">2026-04-07 15:56:15</subfield>
    <subfield code="w">2026-04-07</subfield>
    <subfield code="y">L</subfield>
  </datafield>
  <datafield tag="952" ind1=" " ind2=" ">
    <subfield code="0">0</subfield>
    <subfield code="1">0</subfield>
    <subfield code="4">0</subfield>
    <subfield code="7">0</subfield>
    <subfield code="a">BCEJYS</subfield>
    <subfield code="b">BCEJYS</subfield>
    <subfield code="c">16</subfield>
    <subfield code="d">2026-04-07</subfield>
    <subfield code="l">0</subfield>
    <subfield code="o">657.3 C547 v.1</subfield>
    <subfield code="p">L20090</subfield>
    <subfield code="r">2026-04-07 15:56:15</subfield>
    <subfield code="w">2026-04-07</subfield>
    <subfield code="y">L</subfield>
  </datafield>
  <datafield tag="952" ind1=" " ind2=" ">
    <subfield code="0">0</subfield>
    <subfield code="1">0</subfield>
    <subfield code="4">0</subfield>
    <subfield code="7">0</subfield>
    <subfield code="a">BCEJYS</subfield>
    <subfield code="b">BCEJYS</subfield>
    <subfield code="c">16</subfield>
    <subfield code="d">2026-04-07</subfield>
    <subfield code="l">0</subfield>
    <subfield code="o">657.3 C547 v.2</subfield>
    <subfield code="p">L20031</subfield>
    <subfield code="r">2026-04-07 15:56:15</subfield>
    <subfield code="w">2026-04-07</subfield>
    <subfield code="y">L</subfield>
  </datafield>
  <datafield tag="952" ind1=" " ind2=" ">
    <subfield code="0">0</subfield>
    <subfield code="1">0</subfield>
    <subfield code="4">0</subfield>
    <subfield code="7">0</subfield>
    <subfield code="a">BCEJYS</subfield>
    <subfield code="b">BCEJYS</subfield>
    <subfield code="c">16</subfield>
    <subfield code="d">2026-04-07</subfield>
    <subfield code="l">0</subfield>
    <subfield code="o">657.3 C547 v.2</subfield>
    <subfield code="p">L20034</subfield>
    <subfield code="r">2026-04-07 15:56:15</subfield>
    <subfield code="w">2026-04-07</subfield>
    <subfield code="y">L</subfield>
  </datafield>
</record>
